A Souvenir from Manuel Antonio (Registro nro. 1802)
[ vista simple ]
| 000 -CABECERA | |
|---|---|
| campo de control de longitud fija | 00558aam a2200229 4500 |
| 005 - FECHA Y HORA DE ACTUALIZACIÓN | |
| campo de control | 20230614162209.0 |
| 008 - LONGITUD FIJA | |
| campo de control de longitud fija | 150716b2006 xxu||||| |||| 00| 0 spa d |
| 041 ## - IDIOMA | |
| Código de idioma del texto/pista de sonido o título separado | Español |
| 082 ## - CLASIFICACIÓN DECIMAL DEWEY | |
| Número de clasificación | 917.286 S731s |
| 245 ## - TÍTULO PROPIAMENTE DICHO | |
| Título | A Souvenir from Manuel Antonio |
| 260 ## - PIE DE IMPRENTA | |
| Lugar de publicación, distribución, etc. | Costa Rica |
| 260 ## - PIE DE IMPRENTA | |
| Nombre del editor, distribuidor, etc. | Jadine |
| 260 ## - PIE DE IMPRENTA | |
| Fecha de publicación, distribución, etc. | 2006 |
| 300 ## - DESCRIPCIÓN FÍSICA | |
| Extensión | 24 páginas |
| 650 ## - Materia General | |
| Materia general | COSTA RICA |
| 650 ## - Materia General | |
| Materia general | PARQUES NACIONALES |
| 650 ## - Materia General | |
| Materia general | MANUEL ANTONIO |
| 650 ## - Materia General | |
| Materia general | PUNTARENAS |
| 650 ## - Materia General | |
| Materia general | QUEPOS |
| 650 ## - Materia General | |
| Materia general | FOTOS |
| 942 ## - Punto de Acceso Adicional Koha | |
| Tipo de ítem Koha | Libro |
| Estado perdido | Estado dañado | No para préstamo | Biblioteca permanente | Biblioteca actual | Signatura completa | Código de barras | Precio efectivo a partir del | Programa Académico | Tipo de ítem |
|---|---|---|---|---|---|---|---|---|---|
| Departamento de Biblioteca y Documentación Alfonso Chase Brenes | Departamento de Biblioteca y Documentación Alfonso Chase Brenes | 917.286 S731s | 11112 | 15/11/2016 | Turismo | Libro | |||
| Departamento de Biblioteca y Documentación Alfonso Chase Brenes | Departamento de Biblioteca y Documentación Alfonso Chase Brenes | 917.286 S731s | 11289 | 15/11/2016 | Turismo | Libro |